Problémy kalendára v modernej dobe

Bibliographic Details
Main Author: Mikletičová, Marianna (Author)
Format: Article
Language:Slovak
PhysicalDescription:Obr. 1. Tb. 6 . Res. franc., lit. 13 zázn. v slov., češ., ruš., angl., nem., maď.
Subjects:

MARC

LEADER 00000nab a2200000 a 4500
001 vtls000258516
003 SK-MaSNL
005 20260304072903.0
008 250423c1985 xo 0 slo
015 |a SNBRB19rr/mm-uuuuu 
035 |a CL0268630 
035 |a urn:nbn:sk:snk-ab7gd8 
035 |a (urnnbn)urn:nbn:sk:snk:ar-005qp7 
035 |a (uuid)f6f85ec5-035e-411c-8581-d21ab58b096f 
040 |a SNKBUCL  |b slo  |c SNKBUCL  |e AACR2 
041 0 |a slo 
044 |a xo  |c SK 
080 |a 529.3  |2 1981 
100 1 |a Mikletičová, Marianna  |4 aut  |9 1361138 
245 1 0 |a Problémy kalendára v modernej dobe  |c Marianna Mikletičová 
300 |b Obr. 1. Tb. 6 . Res. franc., lit. 13 zázn. v slov., češ., ruš., angl., nem., maď. 
650 0 7 |a kalendáre  |2 snkbucl  |9 19075 
650 0 7 |a meranie času  |2 snkbucl  |9 73537 
650 0 7 |a kalendáre jednotné  |2 snkbucl  |9 1361139 
650 0 7 |a kalendáre večné  |2 snkbucl  |9 1361140 
655 7 |a články z novín a časopisov  |2 snkbucl  |9 267496 
773 0 |t Slovenská archivistika  |g Roč. 20, č. 2 (1985), s. 73-92 
850 |a Slovenská národná knižnica 
852 |a Slovenská národná knižnica 
954 |a odborná, vedecká literatúra pôvodná (slovenská)  |2 lita 
958 |a article7 
958 |a OND 
958 |a NB 
958 |a RK 
958 |a EUIPO 
992 |a RBX 
999 |c 2768381  |d 2770311